文學台北 街道書寫 : 第四屆台北文學獎得獎作品專集

資料類型: Book 圖書   書目號:29487

Leader xxxxxxxxxx
001 __ PCLIS00029487
005 __ 20020911145209.09
010 0_ |a957-|b平裝|d贈閱
020 __ |acw|b82005151
100 __ |a20020911d2002        0chib0109    e
101 0_ |achi
102 __ |acw
105 __ |aa   z   000yy
200 1_ |a文學台北  街道書寫|e第四屆台北文學獎得獎作品專集|f林黛嫚總編|g
205 __ |a初版
210 __ |a臺北市|c北市文化局|d2002年
215 0_ |a275面|c|d20公分
225 1_ |a|v
681 __ |a855|b
700 __ |a|b黛嫚|4總編
702 _1 |a|b|4
801 __ |acw|b本館|c20020911
  
  
  
  
  
  
  
  
  
  
  
  
  
  
  
詳細館藏 1-2 筆 (共 2 筆)
索 書 號登 錄 號冊次號館別 / 館藏地流通類型狀態加入預約清單電子資源
855 / 8759 2012174  圖書館 / 一樓普通區 可外借30天 在館   
855 / 8759 2012175 c.1 圖書館 / 一樓普通區 可外借30天 在館   

| 條列資料




目錄查詢 分類查詢 個人資料 圖書薦購 新書查詢 閉館日 排行榜 更多電子資源 Hami書城 線上資料庫 登出

From : 216.73.216.116

  本日流通累計至 13:22:48 借閱 : 6 次 續借 : 0 次 歸還 : 9 次 預約 : 0 次 電子資源 : 0 次


內湖高中圖書館  PCLIS 版本  25.5.0.2